000 00541nam a22001817a 4500
005 20260402153142.0
008 260402b |||||||| |||| 00| 0 eng d
020 _a9789393168085
040 _cSGVU
_dSGVU
082 _222
_a631.523
_bSIB B
100 _aSingh B D
_939427
245 _aBiotechnology Expanding Horizons
_hEnglish
250 _a5
260 _aNew Delhi
_bMedtech Science Press
_c2024
300 _a918p
_bPaperback
650 _aBiotechnology Expanding Horizons
_zIndia
_939975
942 _2ddc
_cBOOKS
_e5
_h2
_k631.523 SIB B
999 _c90128
_d90128